System administration volume 2 for intel processors

Saved in:
Bibliographic Details
Other Authors: Kulihin, Fox, Nester
Format: Book
Published: New Jersey UNIX Press 1993
Tags: Add Tag
No Tags, Be the first to tag this record!
Call Number :QA 76.76.S95 P76 1993

MARC

LEADER 00000pam a2200000 4500
001 39777
003 MY-KLNDU
005 20241218091929.0
020 0 0 |a 0131580310 
035 |a 0000025322 
039 9 |y 200910091646  |z VLOAD 
090 0 0 |a QA 76.76.S95  |b P76 1993 
245 1 0 |a System administration volume 2  |b for intel processors  |c Edited by Julia Kulihin, Mary L. Fox and Joan Nester 
260 0 0 |a New Jersey  |b UNIX Press  |c 1993 
300 |a ii,vp.  |b ill.  |c 24cm 
500 0 0 |a Includes index 
700 1 1 |a Kulihin  |h Julia 
700 1 1 |a Fox  |h Mary L 
700 1 1 |a Nester  |h Joan 
999 |a vtls000029249  |c 39777  |d 39777